Spark plugs to creativity / (Record no. 57184)
[ view plain ]
| 000 -LEADER | |
|---|---|
| fixed length control field | 00828nam a22002177a 4500 |
| 005 - DATE AND TIME OF LATEST TRANSACTION | |
| control field | 20110929162810.0 |
| 010 ## - LCCN (DPL NO) | |
| LC control number | G-001640 |
| 020 ## - INTERNATIONAL STANDARD BOOK NUMBER | |
| Terms of availability | 99.00 |
| International Standard Book Number | 9788183510363 |
| 035 1d - SYSTEM CONTROL NUMBER | |
| System control number | G-001640 |
| 037 ## - SOURCE OF ACQUISITION | |
| Source of stock number/acquisition | Gift |
| 082 ## - DEWEY DECIMAL CLASSIFICATION NUMBER | |
| Classification number | 808.042 |
| 100 ## - MAIN ENTRY--PERSONAL NAME | |
| Personal name | Vandana, N. Revathi |
| 245 E# - TITLE STATEMENT | |
| Title | Spark plugs to creativity / |
| Statement of responsibility, etc | by N. Revathi Vandana (and) Sreedevi Atluri |
| 260 ## - PUBLICATION, DISTRIBUTION, ETC. (IMPRINT) | |
| Place of publication, distribution, etc | New Delhi |
| Name of publisher, distributor, etc | Reem Publications |
| Date of publication, distribution, etc | 2010 |
| 270 ## - ADDRESS | |
| Address | 4787/23, Ansari Road, Darya Ganj |
| City | New Delhi |
| Postal code | 110002 |
| 300 ## - PHYSICAL DESCRIPTION | |
| Extent | 160p. |
| Dimensions | 24cm(pbk) |
| 700 ## - ADDED ENTRY--PERSONAL NAME | |
| Personal name | Atluri, Sreedevi |
| 9 (RLIN) | 35089 |
| 942 ## - ADDED ENTRY ELEMENTS (KOHA) | |
| Source of classification or shelving scheme | Dewey Decimal Classification |
| Item type | English Books |
| Classification part | 808.042 |
| Call number suffix | VAN |
| Withdrawn status | Lost status | Not for loan | Collection code | Home library | Current library | Date acquired | Source of acquisition | Cost, normal purchase price | Full call number | Barcode | Copy number | Cost, replacement price | Koha item type |
|---|---|---|---|---|---|---|---|---|---|---|---|---|---|
| Non-fiction | Janak Puri | Janak Puri | 29/09/2011 | gift | 99.00 | 808.042 VAN | G-001640 | 1 | 99.00 | English Books |
